La prohibicin̤ de los contratos sucesorios

Detalles Bibliográficos
Autor principal: Cano Martn̕ez de Velasco, Jos ̌Ignacio
Formato: Desconocido
Lenguaje:español
Publicado: Barcelona : Bogot ̉: Bosch ; Universidad Externado de Colombia, D.L. 2002
Materias:
Acceso en línea:Acceso restringido

MARC

LEADER 00000ny a22000003n 4500
005 20110601142440.0
008 021011s2002 sp s 001 0 spa c
017 |a D.L. B.21606-2002 
020 |a 8476986599 
035 |a 375 
040 |a SpMaUCDE  |d vLex 
040 |a UMA.RE  |d vLex 
080 |a 347.68(460) 
080 |a 347.68(460)(0.034) 
090 |c 416  |d 416 
100 1 |a Cano Martn̕ez de Velasco, Jos ̌Ignacio 
245 1 3 |a La prohibicin̤ de los contratos sucesorios  |h [Recurso electrn̤ico]  |c Jos ̌Ignacio Cano Martn̕ez de Velasco 
256 |a Servicio en ln̕ea 
260 |a Barcelona :  |b Bosch ;  |a Bogot ̉:  |b Universidad Externado de Colombia,  |c D.L. 2002 
300 |a 171 p. ;  |c 24 cm 
504 |a Bibliografa̕ : p. 167-171 
506 1 |a Contenido solo disponible en los productos indicados  |d vLex Global  |d vLex Global (Academic Edition, excluding Law Schools)  |d vLex Global (U.S. Academic Edition, Law Schools)  |d vLex Global (U.S. Academic Edition, excluding Law Schools)  |d vLex Global (Academic Edition, Law Schools) 
650 0 7 |a Contratos  |2 Tesauro vLex 
650 0 7 |a Civil  |2 Tesauro vLex 
650 0 7 |a Sucesorio  |2 Tesauro vLex 
650 0 7 |a Contrato sucesorio  |2 Tesauro vLex 
650 0 7 |a Derecho sucesorio  |2 Tesauro vLex 
740 0 |a vLex Libros (Servicios en ln̕ea) 
856 4 0 |u http://vlex.com/source/375  |z Acceso restringido 
942 |c BOOK 
999 0 |a Civil Law  |b Barcelona